| 000 -LEADER |
| fixed length control field |
00614cim a22002411a 4500 |
| 001 - CONTROL NUMBER |
| control field |
12072172 |
| 005 - DATE AND TIME OF LATEST TRANSACTION |
| control field |
20180126082047.0 |
| 007 - PHYSICAL DESCRIPTION FIXED FIELD--GENERAL INFORMATION |
| fixed length control field |
sdufungnnmmned |
| 007 - PHYSICAL DESCRIPTION FIXED FIELD--GENERAL INFORMATION |
| fixed length control field |
sdufungnnmmnee |
| 008 - FIXED-LENGTH DATA ELEMENTS--GENERAL INFORMATION |
| fixed length control field |
950202t19911989njunnn s d |
| 010 ## - LIBRARY OF CONGRESS CONTROL NUMBER |
| LC control number |
99590012 |
| 028 02 - PUBLISHER NUMBER |
| Publisher number |
BBC CD SFX033 |
| Source |
Films for the Humanities & Sciences |
| 035 ## - SYSTEM CONTROL NUMBER |
| System control number |
(OCoLC)ocm31920512 |
| 040 ## - CATALOGING SOURCE |
| Original cataloging agency |
TLM |
| Transcribing agency |
TLM |
| Modifying agency |
CPL |
| -- |
DLC |
| 041 ## - LANGUAGE CODE |
| Language code of text/sound track or separate title |
eng |
| 042 ## - AUTHENTICATION CODE |
| Authentication code |
lcderive |
| 080 ## - UNIVERSAL DECIMAL CLASSIFICATION NUMBER |
| Universal Decimal Classification number |
62 |
| 100 ## - Rafti |
| Rafti |
27 |
| 101 ## - Shkurtesa |
| Shkurtesa |
IM |
| 245 00 - TITLE STATEMENT |
| Title |
Adventure sports |
| 906 ## - LOCAL DATA ELEMENT F, LDF (RLIN) |
| a |
0 |
| b |
cbc |
| c |
copycat |
| d |
3 |
| e |
ncip |
| f |
19 |
| g |
y-soundrec |
| 942 ## - ADDED ENTRY ELEMENTS (KOHA) |
| Source of classification or shelving scheme |
|
| Item type |
Books |